Click On The Current Nfl Players, Sudden Death - Statistics

General Stats
  • This quiz has been taken 426 times
  • The average score is 4 of 13
Answers on the Grid
Answers color-coded by a green-red scale on the quiz's grid according to % correct below.
Lebron James
Aaron Burr
Patrick Mahomes
Dwyane Wade
Chad Ryland
Taylor Swift
Shohai Otani
Christian McDuffie
Pat Mcafeee
Travis Kelce
Andre Chachere
Anthony Goodlow
Deoin Sanders
Derrick Henry
Derrick Henry II
Patrick Surtain II
Travis Vokolek
Saquon Barkley
Lamar Jakson
Kyler Murray
Alan Bowman
Andre Iguadola
Travis Kelce
Seyon Inabolia
Shelton
Justin Tucker
Tom Holland
Morgan Wallen
Jalen Hurts
Agondia Igbogy
 
Answer Stats
Answer % Correct
Patrick Mahomes
87%
Travis Kelce
70%
Derrick Henry
46%
Patrick Surtain II
33%
Saquon Barkley
31%
Kyler Murray
30%
Jalen Hurts
22%
Justin Tucker
22%
Travis Kelce
19%
Chad Ryland
17%
Anthony Goodlow
2%
Travis Vokolek
2%
Andre Chachere
1%
No matching quizzes found
Score Distribution
Percent of People with Each Score
Percentile by Number Answered
Your Score History
You have not taken this quiz